Pháp luật về bảo vệ quyền lợi của người lao động trong doanh nghiệp khi xảy ra tai nạn lao động : Luận văn thạc sĩ luật học. Chuyên ngành Luật kinh tế

Tìm hiểu pháp luật về bảo vệ quyền lợi của người lao động trong doanh nghiệp khi xảy ra tai nạn lao động quy định trong pháp luật Việt Nam

Gespeichert in:
Bibliographische Detailangaben
1. Verfasser: Đỗ, Hồng Nguyên
Format: Buch
Sprache:Undetermined
Veröffentlicht: Cần Thơ Trường Đại học Cần Thơ 2016
Schlagworte:
Tags: Tag hinzufügen
Keine Tags, Fügen Sie den ersten Tag hinzu!
Thư viện lưu trữ: Trung tâm Học liệu Trường Đại học Cần Thơ
LEADER 01130nam a2200217Ia 4500
001 CTU_214422
008 210402s9999 xx 000 0 und d
082 |a 344.59701 
082 |b Ng527 
100 |a Đỗ, Hồng Nguyên 
245 0 |a Pháp luật về bảo vệ quyền lợi của người lao động trong doanh nghiệp khi xảy ra tai nạn lao động : 
245 0 |b Luận văn thạc sĩ luật học. Chuyên ngành Luật kinh tế 
245 0 |c Đỗ Hồng Nguyên ; Đoàn Thị Phương Diệp (Cán bộ hướng dẫn) 
260 |a Cần Thơ 
260 |b Trường Đại học Cần Thơ 
260 |c 2016 
520 |a Tìm hiểu pháp luật về bảo vệ quyền lợi của người lao động trong doanh nghiệp khi xảy ra tai nạn lao động quy định trong pháp luật Việt Nam 
650 |a Labor laws and legislation,Luật và pháp luật lao động 
650 |z Vietnam,Việt Nam 
904 |i Nguyên 
980 |a Trung tâm Học liệu Trường Đại học Cần Thơ